000 00654nam a2200229 4500
003 OSt
005 20240624074626.0
006 a
008 240624b |||||||| |||| 00| 0 eng d
020 _a9789712352553
040 _aDWCL-Main lib.
_cOC
082 _2First edition
_aFil. 174.957 J86b 2009
100 _aJoven, Jose R.
245 _aBioethics /
250 _aFirst edition
260 _aManila :
_bRex Book Store, Inc. ,
_cc2009.
300 _avi,
_b106 p. : ill. ;
_c22 cm.
504 _aIncludes bibliographical references & index.
650 _a1. Bioethics.
650 _a2. Ethics.
942 _2ddc
_n0
_cBK - FIL
_eFirst edition
_kFil.
999 _c1248
_d1248